UM Logo

Financial management in the Philippine setting/ (Record no. 8392)

MARC details
000 -LEADER
fixed length control field 00563nam a2200169 4500
008 - FIXED-LENGTH DATA ELEMENTS--GENERAL INFORMATION
fixed length control field 180201b xxu||||| |||| 00| 0 eng d
020 ## - INTERNATIONAL STANDARD BOOK NUMBER
International Standard Book Number 971-14-0008-1
082 ## - DEWEY DECIMAL CLASSIFICATION NUMBER
Edition number 1985
Classification number DFil 658.15
Item number Sa3
100 ## - MAIN ENTRY--PERSONAL NAME
9 (RLIN) 25987
Personal name Saldana, Cesar G.
245 ## - TITLE STATEMENT
Title Financial management in the Philippine setting/
Statement of responsibility, etc. Cesar G. Saldana.
250 ## - EDITION STATEMENT
Edition statement First Edition
260 ## - PUBLICATION, DISTRIBUTION, ETC. (IMPRINT)
Place of publication, distribution, etc. Quezon City, Philippines:
Name of publisher, distributor, etc. AFA Publications, Inc.,
Date of publication, distribution, etc. ©1985.
300 ## - PHYSICAL DESCRIPTION
Extent xviii, 826 pages;
Dimensions 21 cm.
521 ## - TARGET AUDIENCE NOTE
Target audience note Includes references and index.
650 #0 - SUBJECT ADDED ENTRY--TOPICAL TERM
9 (RLIN) 25989
Topical term or geographic name as entry element Finance
General subdivision management
942 ## - ADDED ENTRY ELEMENTS (KOHA)
Source of classification or shelving scheme Dewey Decimal Classification
Koha item type Filipiniana
Holdings
Withdrawn status Lost status Source of classification or shelving scheme Damaged status Not for loan Collection code Home library Current library Source of acquisition Total Checkouts Full call number Barcode Date last seen Copy number Price effective from Koha item type
    Dewey Decimal Classification     Filipiniana UM Digos College - LIC UM Digos College - LIC Purchased   DFil 658.15 Sa3 1985 13926 02/01/2018 1 02/01/2018 Filipiniana